<?xml version="1.0" encoding="UTF-8"?><?xml-stylesheet type="text/xsl" href="static/style.xsl"?><OAI-PMH xmlns="http://www.openarchives.org/OAI/2.0/" xmlns:xsi="http://www.w3.org/2001/XMLSchema-instance" xsi:schemaLocation="http://www.openarchives.org/OAI/2.0/ http://www.openarchives.org/OAI/2.0/OAI-PMH.xsd"><responseDate>2026-04-18T02:23:21Z</responseDate><request verb="GetRecord" identifier="oai:www.recercat.cat:20.500.12327/3628" metadataPrefix="marc">https://recercat.cat/oai/request</request><GetRecord><record><header><identifier>oai:recercat.cat:20.500.12327/3628</identifier><datestamp>2025-10-22T11:26:41Z</datestamp><setSpec>com_2072_4428</setSpec><setSpec>com_2072_4427</setSpec><setSpec>col_2072_487898</setSpec></header><metadata><record xmlns="http://www.loc.gov/MARC21/slim" xmlns:dcterms="http://purl.org/dc/terms/" xmlns:xsi="http://www.w3.org/2001/XMLSchema-instance" xmlns:doc="http://www.lyncode.com/xoai" xsi:schemaLocation="http://www.loc.gov/MARC21/slim http://www.loc.gov/standards/marcxml/schema/MARC21slim.xsd">
   <leader>00925njm 22002777a 4500</leader>
   <datafield ind2=" " ind1=" " tag="042">
      <subfield code="a">dc</subfield>
   </datafield>
   <datafield ind2=" " ind1=" " tag="720">
      <subfield code="a">Lazo, Oxana</subfield>
      <subfield code="e">author</subfield>
   </datafield>
   <datafield ind2=" " ind1=" " tag="720">
      <subfield code="a">García-Ortíz, Ana Lidia</subfield>
      <subfield code="e">author</subfield>
   </datafield>
   <datafield ind2=" " ind1=" " tag="720">
      <subfield code="a">Pardo, Joaliné</subfield>
      <subfield code="e">author</subfield>
   </datafield>
   <datafield ind2=" " ind1=" " tag="720">
      <subfield code="a">Guerrero, Luis</subfield>
      <subfield code="e">author</subfield>
   </datafield>
   <datafield ind2=" " ind1=" " tag="260">
      <subfield code="c">2025-01-26</subfield>
   </datafield>
   <datafield ind2=" " ind1=" " tag="520">
      <subfield code="a">Mezcal is a traditional beverage with relevant cultural and economic importance&#xd;
in Mexico, with different Protected Designation of Origin locations. This study focuses on&#xd;
creating a sensory lexicon for Mezcal with local producers by means of Free Choice Profiling.&#xd;
A selection of the most relevant descriptors was made to construct a sensory wheel.&#xd;
Subsequently, a sensory panel evaluated a total of 10 Mezcal samples using the sensory&#xd;
categories defined in the sensory wheel. Additionally, gas chromatography with mass&#xd;
spectrometry was performed to analyze volatile components’ contribution to the aroma&#xd;
and flavor descriptors. A total of 87 terms were selected for the sensory wheel, using 41&#xd;
descriptors within 10 categories for odor modality and 46 more within 13 categories for&#xd;
flavor modality. The main volatile compounds that were identified were 37 esters, 17 alcohols,&#xd;
12 ketals and 9 terpenes, which were the foremost contributors to the presence of&#xd;
several sensory descriptors and were also found in most of the Mezcal samples. The quantitative&#xd;
analysis results exhibited a higher floral odor for Mezcal of the Angustifolia variety&#xd;
and the highest smoked odor for an earthenware distilled Mezcal, thus proving that&#xd;
the selection of the descriptors from the wheel was appropriate for differentiating Mezcal&#xd;
samples from different origins, agave species and distillation processes. Therefore, the&#xd;
sensory wheel developed in this study can be used both as a quality control tool and as a&#xd;
marketing tool that allows producers to differentiate their products in the market.</subfield>
   </datafield>
   <datafield ind1="8" ind2=" " tag="024">
      <subfield code="a">Lazo, Oxana, Ana Lidia García-Ortíz, Joaliné Pardo, and  Luis Guerrero. 2025. “Mezcal characterization through sensory and volatile analyses”. Foods, 14(3), 402. doi:10.3390/foods14030402.</subfield>
   </datafield>
   <datafield ind1="8" ind2=" " tag="024">
      <subfield code="a">2304-8158</subfield>
   </datafield>
   <datafield ind1="8" ind2=" " tag="024">
      <subfield code="a">http://hdl.handle.net/20.500.12327/3628</subfield>
   </datafield>
   <datafield ind1="8" ind2=" " tag="024">
      <subfield code="a">https://doi.org/10.3390/foods14030402</subfield>
   </datafield>
   <datafield ind2="0" ind1="0" tag="245">
      <subfield code="a">Mezcal Characterization Through Sensory and Volatile Analyses</subfield>
   </datafield>
</record></metadata></record></GetRecord></OAI-PMH>